| 000 | 00664nam a22002057a 4500 | ||
|---|---|---|---|
| 003 | 0 | ||
| 005 | 20240726142928.0 | ||
| 008 | 240726b xxu||||| |||| 00| 0 eng d | ||
| 022 | _29781641729642 | ||
| 050 |
_aQA 76.77 _b.H65 2022 |
||
| 100 | _aHolmes, Mary | ||
| 245 |
_aOperating systems: _bdesign and implememtation _cMary Holmes |
||
| 260 |
_aNew York, NY _bLarsen and Keller Education _c2022 |
||
| 300 |
_a235 pages ; _c27cm. |
||
| 504 | _aIncludes bibliographical references and index. | ||
| 650 | _aOperating systems (Computers). | ||
| 650 | _aOperating systems (Computers)--Design and contruction. | ||
| 650 | _aSystem design. | ||
| 942 |
_2lcc _cBK |
||
| 999 |
_c366035 _d366035 |
||